00864 a2200193 45000010006000000050017000060080041000230030015000640400040000790800031001192450025001502640036001753000019002115050350002300410008005801000019005887000033006077000030006404872820260407155752.0260407a1970 arg spa dAR-UNSa-BCEJYS aAR-UNSa-BCEJYSbspacAR-UNSa-BCEJYS a330xEconomía en general10aEconomía Pública 1aBarcelona :bVicens-Vivesc1970 a341 p.c22 cm. a1. Introducción - 2. Objetivos e instrumentos - 3. Análisis macroeconómico de problemas de política fiscal - 4. La deuda pública - 5. El presupuesto estatal y las cuentas del Estado - 6. La magnitud del consumo colectivo y la actividad pública - 7. Formas de imposición y sus efectos - 8. La economía de las autoridades locales.  aspa1 aJohansen, Leif1 aMartínez Deixamps, Gabriel1 aValle Sánchez, Victorio